[Event "Olimpiade 2022 - Open"]
[Site "Chennai"]
[Date "07.08.2022"]
[Round "9.4"]
[Board "1"]
[White "Mastrovasilis, Dimitrios"]
[Black "Caruana, Fabiano"]
[Result "0-1"]
[WhiteTitle "GM"]
[BlackTitle "GM"]
[WhiteElo "2599"]
[BlackElo "2783"]
[WhiteTeam "Greece"]
[BlackTeam "United States of America"]
[WhiteFideId "4202694"]
[BlackFideId "2020009"]
[EventDate "2022.07.29"]

1. e4 c5 2. Nf3 Nc6 3. d4 cxd4 4. Nxd4 Nf6 5. Nc3 e5 6. Ndb5 d6 7. Bg5 a6 8. Na3
b5 9. Bxf6 gxf6 10. Nd5 f5 11. Bd3 Be6 12. O-O Bg7 13. Qh5 Rb8 14. c3 f4 15. Nc2
O-O 16. Ncb4 Nxb4 17. Nxb4 Qb6 18. Rad1 a5 19. Nd5 Qd8 20. Bc2 Kh8 21. Rd2 Rg8
22. Rfd1 Bh6 23. h3 Rg6 24. Qf3 Qh4 25. Kf1 Rxg2 26. Kxg2 Rg8+ 27. Kf1 Bxh3+ 28.
Ke1 Bg2 29. Rd3 Bxf3 30. Rxf3 Rg2 31. Ke2 Bg5 32. Rf1 Qg4 33. Bd1 f5 34. Bc2 Rh2
35. exf5 Rh3 36. Be4 Rxf3 37. Bxf3 Qxf5 0-1

[Event "Olimpiade 2022 - Open"]
[Site "Chennai"]
[Date "07.08.2022"]
[Round "9.4"]
[Board "2"]
[White "Aronian, Levon"]
[Black "Theodorou, Nikolas"]
[Result "0-1"]
[WhiteTitle "GM"]
[BlackTitle "GM"]
[WhiteElo "2775"]
[BlackElo "2575"]
[WhiteTeam "United States of America"]
[BlackTeam "Greece"]
[WhiteFideId "13300474"]
[BlackFideId "4262875"]
[EventDate "2022.07.29"]

1. d4 Nf6 2. c4 g6 3. Nc3 Bg7 4. e4 d6 5. Be2 O-O 6. Be3 e5 7. d5 Na6 8. h3 c6
9. Nf3 Nh5 10. g3 f5 11. exf5 gxf5 12. c5 f4 13. gxf4 Nxf4 14. Rg1 Nxc5 15. b4
Ncd3+ 16. Bxd3 Nxd3+ 17. Qxd3 Rxf3 18. dxc6 bxc6 19. O-O-O d5 20. Rxg7+ Kxg7 21.
Rg1+ Kh8 22. Bd4 exd4 23. Qxf3 Qd6 24. Rg5 h6 25. Rg3 Ba6 26. Qf7 Qf8 27. Qc7
Qf6 28. Nd1 Be2 29. f4 Re8 30. Qd7 Rf8 31. Rg1 d3 32. Qxa7 Bxd1 33. Kxd1 Qb2 0-1

[Event "Olimpiade 2022 - Open"]
[Site "Chennai"]
[Date "07.08.2022"]
[Round "9.4"]
[Board "3"]
[White "Mastrovasilis, Athanasios"]
[Black "So, Wesley"]
[Result "0-1"]
[WhiteTitle "GM"]
[BlackTitle "GM"]
[WhiteElo "2527"]
[BlackElo "2773"]
[WhiteTeam "Greece"]
[BlackTeam "United States of America"]
[WhiteFideId "4201990"]
[BlackFideId "5202213"]
[EventDate "2022.07.29"]

1. d4 Nf6 2. c4 e6 3. Nc3 Bb4 4. e3 O-O 5. Bd3 d5 6. Ne2 dxc4 7. Bxc4 c5 8. O-O
cxd4 9. exd4 Nc6 10. a3 Bxc3 11. bxc3 h6 12. Qd3 Na5 13. Ba2 b6 14. Re1 Bb7 15.
Nf4 Re8 16. Bd2 Qd6 17. c4 Ba6 18. d5 exd5 19. Nxd5 Rxe1+ 20. Rxe1 Qxd5 21. Qxd5
Nxd5 22. Bxa5 Nf4 23. Bb4 Rc8 24. g3 Nd3 25. Re7 Bxc4 26. Bxc4 Rxc4 27. Rxa7
Nxb4 28. axb4 g5 29. b5 Rb4 30. Rb7 Rxb5 31. Kg2 Kg7 32. Kf3 Rb3+ 33. Ke2 g4 34.
Rb8 h5 35. Rb7 Rb5 36. Kf1 Kf6 37. Rc7 Rc5 38. Rb7 b5 39. Ke2 Rf5 40. Rb6+ Ke7
41. f4 gxf3+ 42. Kf2 Kd7 43. h3 Kc7 44. Ra6 b4 45. Ra4 Rb5 46. Kxf3 b3 47. Ra1
Kb6 48. g4 b2 49. Rb1 hxg4+ 50. Kxg4 Ka5 51. h4 Ka4 52. h5 Kb3 53. h6 Ka2 54. h7
Rb8 0-1

[Event "Olimpiade 2022 - Open"]
[Site "Chennai"]
[Date "07.08.2022"]
[Round "9.4"]
[Board "4"]
[White "Dominguez Perez, Leinier"]
[Black "Banikas, Hristos"]
[Result "1/2-1/2"]
[WhiteTitle "GM"]
[BlackTitle "GM"]
[WhiteElo "2754"]
[BlackElo "2598"]
[WhiteTeam "United States of America"]
[BlackTeam "Greece"]
[WhiteFideId "3503240"]
[BlackFideId "4202031"]
[EventDate "2022.07.29"]

1. e4 c6 2. d4 d5 3. e5 Bf5 4. Nf3 e6 5. Be2 Nd7 6. O-O a6 7. a4 h6 8. a5 Rc8 9.
Nbd2 Ne7 10. c3 c5 11. dxc5 Nxc5 12. Nb3 Nc6 13. Be3 Nd7 14. Nfd4 Nxd4 15. Nxd4
Bg6 16. f4 Bc5 17. b4 Bxd4 18. Bxd4 O-O 19. Qd2 Re8 20. Qe3 Nb8 21. Rad1 Qh4 22.
g3 Qh3 23. Rf2 Nc6 24. Bc5 Qf5 25. Bf1 Bh5 26. Re1 Qh7 27. Rb2 Bg6 28. Ra1 Be4
29. b5 axb5 30. Rxb5 g5 31. Ra2 Qg7 32. Bd4 gxf4 33. Qxf4 Nxd4 34. cxd4 Re7 35.
Rab2 Rcc7 36. Kf2 Qg5 37. h4 Qxf4+ 38. gxf4 Kg7 39. Be2 Kg6 40. R2b3 Rc2 41. h5+
Kg7 42. Ke3 Ra2 43. Bd3 Bxd3 44. Kxd3 Rd7 45. Ke3 Kf8 46. f5 exf5 47. Rxb7 Rxb7
48. Rxb7 Rxa5 49. Rd7 Ra3+ 50. Kf4 Rh3 51. Rxd5 Rxh5 52. Rd6 Ke7 53. d5 Rh4+ 54.
Kxf5 Rd4 55. Rxh6 Rxd5 56. Rd6 Rxd6 57. exd6+ Kxd6 58. Kf6 Kd5 59. Kxf7 1/2-1/2

[Event "Olimpiade 2022 - Open"]
[Site "Chennai"]
[Date "07.08.2022"]
[Round "9.5"]
[Board "1"]
[White "Harikrishna, Pentala"]
[Black "Supi, Luis Paulo"]
[Result "1/2-1/2"]
[WhiteTitle "GM"]
[BlackTitle "GM"]
[WhiteElo "2720"]
[BlackElo "2603"]
[WhiteTeam "India"]
[BlackTeam "Brazil"]
[WhiteFideId "5007003"]
[BlackFideId "2106388"]
[EventDate "2022.07.29"]

1. d4 d5 2. c4 e6 3. Nc3 a6 4. cxd5 exd5 5. Bf4 Nf6 6. e3 c5 7. Nf3 Nc6 8. Be2
c4 9. O-O Bb4 10. Bg5 Bxc3 11. bxc3 h6 12. Bxf6 Qxf6 13. Nd2 O-O 14. e4 dxe4 15.
Nxe4 Qg6 16. Ng3 b5 17. Bh5 Qf6 18. Re1 Rb8 19. Qf3 Qxf3 20. Bxf3 Nd8 21. h4 Nb7
22. Bxb7 Rxb7 23. a3 Rd8 24. Ne4 Kf8 25. Nc5 Rb8 26. Rab1 a5 27. f3 b4 28. axb4
axb4 29. Rxb4 Rxb4 30. cxb4 Rxd4 31. Re4 Rd1+ 32. Kf2 c3 33. Rc4 Rb1 34. Rxc3
Rxb4 35. Nd3 Rb8 36. Rc7 h5 37. Kg3 Be6 38. Kf4 Rd8 39. Ke3 g6 40. Nf4 Bf5 41.
Rc5 Bc8 42. Ra5 Bd7 43. Ne2 Kg7 44. Nd4 Kf6 45. Ra6+ Kg7 46. Rd6 Re8+ 47. Kf4
Bc8 48. Nb5 Re2 49. Kg3 Rb2 50. Nc7 Rc2 51. Ne8+ Kf8 52. Nf6 Bf5 53. Rb6 Kg7 54.
Ne8+ Kf8 55. Nd6 Be6 56. Ne4 Kg7 57. Rd6 Bf5 58. Nd2 Ra2 59. Rd4 Ra7 60. Kf4 Bd7
61. Ne4 Rc7 62. Nd6 Ra7 63. Rb4 Ra6 64. Rd4 Ra7 65. g3 Rc7 66. g4 hxg4 67. fxg4
Rc1 68. g5 f6 69. gxf6+ Kxf6 70. Ne4+ Ke7 71. Kg5 Rg1+ 72. Kh6 Bf5 73. Ng5 Rg4
74. Rxg4 Bxg4 75. Kxg6 Bd1 76. h5 Bxh5+ 77. Kxh5 1/2-1/2

[Event "Olimpiade 2022 - Open"]
[Site "Chennai"]
[Date "07.08.2022"]
[Round "9.5"]
[Board "2"]
[White "Fier, Alexandr"]
[Black "Vidit, Santosh Gujrathi"]
[Result "1/2-1/2"]
[WhiteTitle "GM"]
[BlackTitle "GM"]
[WhiteElo "2567"]
[BlackElo "2714"]
[WhiteTeam "Brazil"]
[BlackTeam "India"]
[WhiteFideId "2107139"]
[BlackFideId "5029465"]
[EventDate "2022.07.29"]

1. e4 e5 2. Nf3 Nc6 3. Bc4 Nf6 4. d3 Bc5 5. O-O d6 6. c3 a5 7. Re1 Ba7 8. Bb3
O-O 9. h3 Re8 10. Bg5 h6 11. Bh4 g5 12. Bg3 Kg7 13. Nbd2 Bd7 14. Nf1 Ne7 15. d4
Ng6 16. Bc2 Nh5 17. dxe5 dxe5 18. Bxe5+ Nxe5 19. Nxe5 Rxe5 20. Qxh5 Qf6 21. Qe2
Bb5 22. Qf3 Qxf3 23. gxf3 Bxf1 24. Kxf1 Rd8 25. Rad1 Ree8 26. Bb3 Bc5 27. Ke2 c6
28. a4 Kf6 29. Bc4 Bd6 30. h4 Bc7 31. hxg5+ hxg5 32. b4 axb4 33. cxb4 Rxd1 34.
Rxd1 Rd8 35. Rc1 Bf4 36. Rc2 Ke7 37. b5 cxb5 38. Bxb5 f6 39. Rb2 Be5 40. Rb1 b6
41. Bc4 Rd4 42. Bb5 Kd8 43. Rc1 Bf4 44. Rc2 Rd6 45. Rc4 Be5 46. Kf1 Rd3 47. Kg2
Rc3 48. Rxc3 Bxc3 1/2-1/2

[Event "Olimpiade 2022 - Open"]
[Site "Chennai"]
[Date "07.08.2022"]
[Round "9.5"]
[Board "4"]
[White "Diamant, Andre"]
[Black "Sasikiran, Krishnan"]
[Result "0-1"]
[WhiteTitle "GM"]
[BlackTitle "GM"]
[WhiteElo "2538"]
[BlackElo "2638"]
[WhiteTeam "Brazil"]
[BlackTeam "India"]
[WhiteFideId "2108356"]
[BlackFideId "5004985"]
[EventDate "2022.07.29"]

1. d4 Nf6 2. c4 e6 3. Nc3 Bb4 4. e3 O-O 5. Bd3 d5 6. Nf3 c5 7. O-O dxc4 8. Bxc4
Nbd7 9. a3 Bxc3 10. bxc3 b6 11. Re1 Bb7 12. Bd3 Ne4 13. Qc2 f5 14. Nd2 Ndf6 15.
f3 Nxd2 16. Qxd2 Kh8 17. Bb2 Qe8 18. c4 Rd8 19. a4 Qg6 20. Kh1 Qg5 21. Qf2 Ne4
22. Qc2 Nf6 23. a5 h5 24. axb6 axb6 25. dxc5 bxc5 26. Bf1 h4 27. Bc3 h3 28. Rad1
Qh5 29. Rxd8 Rxd8 30. Qf2 Kh7 31. Qg3 Rd7 32. Kg1 hxg2 33. Bxg2 Qg6 34. Qh4+ Kg8
35. Qg3 Qxg3 36. hxg3 Rd3 37. Ba5 Nd7 38. Bc7 Kf7 39. Bf1 Rb3 40. Kf2 g5 41. Rd1
Nf6 42. Be5 g4 43. Be2 gxf3 44. Bxf3 Bxf3 45. Kxf3 Ng4 46. Ba1 Rxe3+ 47. Kf4 Kg6
48. Rd8 e5+ 49. Bxe5 Re4+ 0-1

[Event "Olimpiade 2022 - Open"]
[Site "Chennai"]
[Date "07.08.2022"]
[Round "9.6"]
[Board "2"]
[White "Bluebaum, Matthias"]
[Black "Stremavicius, Titas"]
[Result "1-0"]
[WhiteTitle "GM"]
[BlackTitle "GM"]
[WhiteElo "2673"]
[BlackElo "2532"]
[WhiteTeam "Germany"]
[BlackTeam "Lithuania"]
[WhiteFideId "24651516"]
[BlackFideId "12804444"]
[EventDate "2022.07.29"]

1. Nf3 d5 2. g3 Nf6 3. Bg2 b5 4. O-O e6 5. d3 Be7 6. e4 dxe4 7. dxe4 Qxd1 8.
Rxd1 Bb7 9. Nd4 a6 10. e5 Nd5 11. c4 bxc4 12. Nd2 c3 13. bxc3 Nc6 14. Nxc6 Bxc6
15. Nb3 Rb8 16. Na5 Ba4 17. Rd4 Bd7 18. c4 Bb4 19. Bd2 Bxd2 20. Rxd2 Ne7 21. Bb7
g5 22. c5 Nd5 23. c6 Bc8 24. Rd4 Ke7 25. h4 Rg8 26. Rg4 h6 27. Re1 f5 28. Rd4 g4
29. Kg2 Nc3 30. Rc4 Nd5 31. Rb1 Rd8 32. Rd4 h5 33. Rb2 Rf8 34. f4 gxf3+ 35. Kxf3
Rg8 36. Rb3 Rf8 37. Ra4 Rg8 38. Rc4 Kf7 39. Kf2 Ke7 40. Ra4 Rg7 41. Rc4 Rg8 42.
Rb2 Rd8 43. Rd4 Rg8 44. Nc4 Rd8 45. Rd3 Rg8 46. Rd4 Rd8 47. Rb3 Rg8 48. Kf3 Rf8
49. Nb2 Nb6 50. Nd3 Rxb7 51. cxb7 Bxb7+ 52. Kf2 Bd5 53. Ra3 Ra8 54. Ra5 Nd7 55.
Rda4 Nb6 56. Rd4 Nd7 57. Nf4 c6 58. Nd3 c5 59. Nxc5 Nxe5 60. Nxe6 Ng4+ 61. Rxg4
fxg4 62. Rxd5 Kxe6 63. Rxh5 Rf8+ 64. Kg2 Rc8 65. Ra5 Rc2+ 66. Kg1 Rc6 67. Ra4
Ke5 68. Rxg4 Rc1+ 69. Kg2 Rc2+ 70. Kh3 Rxa2 71. Rf4 a5 72. Kg4 Ke6 73. h5 1-0

[Event "Olimpiade 2022 - Open"]
[Site "Chennai"]
[Date "07.08.2022"]
[Round "9.6"]
[Board "4"]
[White "Kollars, Dmitrij"]
[Black "Kazakouski, Valery"]
[Result "0-1"]
[WhiteTitle "GM"]
[BlackTitle "GM"]
[WhiteElo "2648"]
[BlackElo "2528"]
[WhiteTeam "Germany"]
[BlackTeam "Lithuania"]
[WhiteFideId "12909572"]
[BlackFideId "13507443"]
[EventDate "2022.07.29"]

1. e4 e5 2. Nf3 Nc6 3. Bb5 a6 4. Ba4 Nf6 5. O-O Be7 6. d3 b5 7. Bb3 O-O 8. a4 b4
9. Nbd2 Bc5 10. Nc4 d6 11. c3 bxc3 12. bxc3 Rb8 13. h3 Be6 14. Ba2 h6 15. d4
Nxe4 16. dxc5 Nxc3 17. Qc2 Nxa2 18. Qxa2 e4 19. Nfd2 d5 20. Na3 Nb4 21. Qb2 Nd3
22. Qd4 Rb4 23. Qe3 f5 24. Nc2 f4 25. Qxd3 exd3 26. Nxb4 f3 27. Nxf3 Rxf3 28.
gxf3 Qf6 29. Bd2 Qxf3 30. Nxd3 Qxd3 31. Rfe1 Bxh3 32. Re3 Qxd2 33. Rxh3 d4 34.
Rg3 d3 35. Rb1 Kh7 36. Kg2 Qc2 37. Re1 d2 38. Re7 h5 39. Rexg7+ Kh6 40. Re7 Qf5 0-1

[Event "Olimpiade 2022 - Open"]
[Site "Chennai"]
[Date "07.08.2022"]
[Round "9.7"]
[Board "1"]
[White "Yilmaz, Mustafa"]
[Black "Cordova, Emilio"]
[Result "1/2-1/2"]
[WhiteTitle "GM"]
[BlackTitle "GM"]
[WhiteElo "2634"]
[BlackElo "2549"]
[WhiteTeam "Turkey"]
[BlackTeam "Peru"]
[WhiteFideId "6302718"]
[BlackFideId "3801497"]
[EventDate "2022.07.29"]

1. d4 Nf6 2. c4 e6 3. Nf3 b6 4. g3 Bb7 5. Bg2 Bb4+ 6. Bd2 Bxd2+ 7. Qxd2 O-O 8.
O-O d6 9. Rd1 Nbd7 10. Qd3 Be4 11. Qe3 a5 12. Nc3 Bb7 13. Qd3 h6 14. b3 Qb8 15.
d5 Nc5 16. Qc2 exd5 17. Nxd5 Bxd5 18. cxd5 b5 19. Nd4 b4 20. Nc6 Qb6 21. Rd4
Rfe8 22. e3 Nfd7 23. a3 bxa3 24. Rxa3 Nb8 25. Qc3 Nxc6 26. dxc6 Rab8 27. Bd5 Re5
28. Qc4 Ne6 29. Re4 Rxe4 30. Qxe4 Qc5 31. Ra4 Kh8 32. Rc4 Qb5 33. Rc2 Nc5 34.
Qf5 Qd3 35. Qxd3 Nxd3 36. Bxf7 a4 37. Rc3 Ne5 38. Bd5 axb3 39. Bxb3 g5 40. h3 h5
41. f4 Nf3+ 42. Kf2 g4 43. hxg4 hxg4 44. Ke2 Kg7 45. Be6 Rb2+ 46. Kd1 Nh2 47.
Rc2 Rb1+ 48. Ke2 Kf6 49. Bd7 Rh1 50. Kd3 Nf3 51. Ke4 Nh2 52. Ra2 Rd1 53. Ra5 Nf1
54. Bxg4 d5+ 55. Kf3 Rd2 56. e4 Nh2+ 57. Ke3 Nf1+ 58. Kf3 Nh2+ 1/2-1/2

[Event "Olimpiade 2022 - Open"]
[Site "Chennai"]
[Date "07.08.2022"]
[Round "9.7"]
[Board "3"]
[White "Sanal, Vahap"]
[Black "Terry, Renato"]
[Result "0-1"]
[WhiteTitle "GM"]
[BlackTitle "IM"]
[WhiteElo "2574"]
[BlackElo "2502"]
[WhiteTeam "Turkey"]
[BlackTeam "Peru"]
[WhiteFideId "6300545"]
[BlackFideId "3803457"]
[EventDate "2022.07.29"]

1. Nf3 Nf6 2. c4 d6 3. d4 Nbd7 4. Nc3 e5 5. e4 Be7 6. Be2 O-O 7. O-O c6 8. Qc2
Re8 9. Rd1 Qc7 10. d5 a5 11. Be3 Ng4 12. Bd2 Nc5 13. h3 Nf6 14. Rac1 Bd7 15. Qb1
Qb8 16. Be3 cxd5 17. cxd5 Rc8 18. Nd2 b5 19. Bf1 Bd8 20. Ne2 Bb6 21. Ng3 Qa7 22.
Be2 Na4 23. Ndf1 g6 24. Bxb6 Qxb6 25. Rd3 Kg7 26. b3 Rxc1 27. Qxc1 Nc5 28. Re3
Rc8 29. Qd2 b4 30. Qb2 Re8 31. Nd2 h6 32. Nc4 Qc7 33. Qb1 Bc8 34. Nf1 Ba6 35.
Nfd2 Bxc4 36. Nxc4 Ra8 37. Nd2 Qb6 38. Bd1 Qc7 39. g3 Ncd7 40. Be2 Rc8 41. Bc4
Qc5 42. Kg2 Nb6 43. Qd3 Nfd7 44. Bb5 Rc7 45. Bxd7 Nxd7 46. Re2 Qc2 47. Qa6 Qd1
48. Nf3 Rc3 49. Re3 Rxe3 50. fxe3 Nc5 51. Qxd6 Qe2+ 52. Kg1 Nd3 0-1

[Event "Olimpiade 2022 - Open"]
[Site "Chennai"]
[Date "07.08.2022"]
[Round "9.7"]
[Board "4"]
[White "Vera Siguenas, Deivy"]
[Black "Solak, Dragan"]
[Result "0-1"]
[WhiteTitle "GM"]
[BlackTitle "GM"]
[WhiteElo "2503"]
[BlackElo "2594"]
[WhiteTeam "Peru"]
[BlackTeam "Turkey"]
[WhiteFideId "3804623"]
[BlackFideId "916811"]
[EventDate "2022.07.29"]

1. d4 d5 2. c4 c6 3. Nc3 dxc4 4. e3 b5 5. a4 b4 6. Ne4 Qd5 7. Nd2 c3 8. bxc3
bxc3 9. Nb1 Qa5 10. Qc2 e5 11. Nf3 exd4 12. Nxd4 Nf6 13. Nxc3 Bb4 14. Bd2 O-O
15. Bd3 Ba6 16. O-O Bxd3 17. Qxd3 c5 18. Nb3 Qb6 19. Ne4 Nxe4 20. Qxe4 Nd7 21.
a5 Qe6 22. Qxe6 fxe6 23. Bxb4 cxb4 24. Rfd1 Nf6 25. Rd4 Rab8 26. Rc1 Rfd8 27.
Rc7 e5 28. Rxd8+ Rxd8 29. Kf1 Rd3 30. Nc1 Ra3 31. Ke2 Rxa5 32. Rb7 Nd5 33. Nd3
Nc3+ 34. Ke1 Rd5 0-1

[Event "Olimpiade 2022 - Open"]
[Site "Chennai"]
[Date "07.08.2022"]
[Round "9.8"]
[Board "1"]
[White "Jumabayev, Rinat"]
[Black "Indjic, Aleksandar"]
[Result "0-1"]
[WhiteTitle "GM"]
[BlackTitle "GM"]
[WhiteElo "2617"]
[BlackElo "2620"]
[WhiteTeam "Kazakhstan"]
[BlackTeam "Serbia"]
[WhiteFideId "13702661"]
[BlackFideId "911925"]
[EventDate "2022.07.29"]

1. d4 Nf6 2. c4 e6 3. Nf3 c5 4. d5 d6 5. Nc3 exd5 6. cxd5 g6 7. h3 Bg7 8. e4 O-O
9. Be3 Re8 10. Nd2 a6 11. a4 Nxe4 12. Ncxe4 f5 13. Be2 fxe4 14. Nc4 a5 15. O-O
Na6 16. Bf4 Bf8 17. Qd2 Nb4 18. Rfe1 b6 19. Rad1 Ra7 20. b3 Rf7 21. Bg3 h5 22.
Ne3 Bh6 23. Bc4 Ref8 24. Re2 g5 25. Qe1 Bg7 26. Rdd2 Bd4 27. Kh1 g4 28. hxg4
hxg4 29. Nf1 Nd3 30. Bxd3 exd3 31. Rxd3 Ba6 32. Rxd4 Bxe2 33. Re4 Bxf1 34. Qxf1
Qg5 35. Qc4 Rg7 36. Bxd6 Rxf2 37. Bg3 Rd2 38. d6+ Kh7 39. Re1 Qd5 40. Qxd5 Rxd5
41. Re3 Rd1+ 42. Kh2 Kg8 43. Re8+ Kf7 44. Rh8 Kg6 45. Be5 Rh7+ 46. Rxh7 Kxh7 47.
Kg3 Rd5 48. Bf4 Kg6 49. Kxg4 Kf6 50. Kf3 Rd3+ 51. Ke4 Rd4+ 52. Ke3 Rb4 53. g4
Rxb3+ 54. Ke4 Rb4+ 55. Ke3 Rxa4 56. d7 Ke7 57. Bc7 Kxd7 58. Bxb6 Kc6 59. Bd8
Rxg4 60. Bxa5 Kb5 0-1

[Event "Olimpiade 2022 - Open"]
[Site "Chennai"]
[Date "07.08.2022"]
[Round "9.8"]
[Board "2"]
[White "Markus, Robert"]
[Black "Suleymenov, Alisher"]
[Result "1-0"]
[WhiteTitle "GM"]
[BlackTitle "IM"]
[WhiteElo "2616"]
[BlackElo "2467"]
[WhiteTeam "Serbia"]
[BlackTeam "Kazakhstan"]
[WhiteFideId "921637"]
[BlackFideId "13707833"]
[EventDate "2022.07.29"]

1. d4 Nf6 2. Nf3 g6 3. c3 Bg7 4. Bf4 O-O 5. Nbd2 d6 6. h3 c5 7. dxc5 dxc5 8. e4
Nc6 9. Be2 b6 10. O-O Nh5 11. Bh2 Bb7 12. Qc2 Bh6 13. Rfd1 Bf4 14. Nc4 Qc7 15.
Bxf4 Nxf4 16. Bf1 Ba6 17. Qa4 Bxc4 18. Qxc4 Na5 19. Qa4 Rad8 20. b4 Nc6 21. bxc5
bxc5 22. g3 Nh5 23. Rd5 Na5 24. Rb1 a6 25. Rxd8 Rxd8 26. e5 c4 27. Qb4 Ng7 28.
Qb6 Ne6 29. Qxa6 Nc5 30. Qb5 Ne4 31. Qb2 Qc5 32. Nd4 Nxc3 33. Qxc3 Rxd4 34. a4
Nc6 35. Rb5 Qa7 36. Bxc4 Rd1+ 37. Kg2 Nd4 38. Rd5 Qb7 39. f3 Qb1 40. Rxd4 Rh1
41. Qe3 Re1 42. Be2 Qa1 43. Re4 Rh1 44. g4 h5 45. gxh5 1-0

[Event "Olimpiade 2022 - Open"]
[Site "Chennai"]
[Date "07.08.2022"]
[Round "9.8"]
[Board "3"]
[White "Kazhgaleyev, Murtas"]
[Black "Ivanisevic, Ivan"]
[Result "1/2-1/2"]
[WhiteTitle "GM"]
[BlackTitle "GM"]
[WhiteElo "2536"]
[BlackElo "2561"]
[WhiteTeam "Kazakhstan"]
[BlackTeam "Serbia"]
[WhiteFideId "13700316"]
[BlackFideId "912417"]
[EventDate "2022.07.29"]

1. d4 Nf6 2. c4 e6 3. Nc3 Bb4 4. e3 O-O 5. Bd3 d5 6. a3 dxc4 7. Bxc4 Bd6 8. Nf3
Nc6 9. Nb5 Be7 10. O-O a6 11. Nc3 Bd6 12. h3 e5 13. Qc2 Bd7 14. Rd1 Qc8 15. d5
Ne7 16. Bf1 Ng6 17. b3 h6 18. Bb2 Bf5 19. e4 Bd7 20. Nd2 Nh7 21. Ne2 Ng5 22. Ng3
Nf4 23. Nc4 f5 24. exf5 Bxf5 25. Nxf5 Qxf5 26. Qxf5 Rxf5 27. h4 Ne4 28. g3 Bc5
29. gxf4 Nxf2 30. Kh2 Rxf4 31. Bxe5 Rxh4+ 32. Kg2 Rg4+ 33. Bg3 Ne4 34. Rd3 Rf8
35. Kh3 Rg5 36. Be2 Nf2+ 37. Bxf2 Rxf2 38. Bg4 b5 39. Nd2 Bd6 40. Rh1 Rf4 41.
Rg1 Kh7 42. Nf3 Rg6 43. Nh4 Rgf6 44. Rf3 g5 45. Rxf4 Rxf4 46. Nf3 Bxa3 47. Ra1
Bd6 48. Rxa6 Rb4 49. Ra8 Kg7 50. Re8 Rxb3 51. Re6 Rd3 52. Bh5 b4 53. Rg6+ Kh7
54. Rf6 b3 55. Bg6+ Kg7 56. Bxd3 Kxf6 57. Kg4 b2 58. Bb1 Bf4 59. Ba2 Ke7 1/2-1/2

[Event "Olimpiade 2022 - Open"]
[Site "Chennai"]
[Date "07.08.2022"]
[Round "9.8"]
[Board "4"]
[White "Perunovic, Milos"]
[Black "Urazayev, Arystanbek"]
[Result "1/2-1/2"]
[WhiteTitle "GM"]
[BlackTitle "IM"]
[WhiteElo "2539"]
[BlackElo "2430"]
[WhiteTeam "Serbia"]
[BlackTeam "Kazakhstan"]
[WhiteFideId "921629"]
[BlackFideId "13709810"]
[EventDate "2022.07.29"]

1. e4 e5 2. Nf3 Nc6 3. Bb5 a6 4. Ba4 Nf6 5. O-O Be7 6. d3 b5 7. Bb3 d6 8. Bd2
Bg4 9. c3 O-O 10. h3 Bh5 11. Re1 Na5 12. Bc2 c5 13. Bc1 Nc6 14. Nbd2 d5 15. Qe2
d4 16. Nf1 Re8 17. Bd2 Bf8 18. g4 Bg6 19. Ng3 Rc8 20. a3 c4 21. Rad1 Qb6 22. Bc1
dxc3 23. bxc3 cxd3 24. Rxd3 Na5 25. Nh4 Red8 26. Red1 Rxd3 27. Rxd3 Qe6 28. Nhf5
Qa2 29. Qd1 h6 30. Rf3 Kh7 31. g5 hxg5 32. Bxg5 Nh5 33. Nh4 Rc6 34. Nxg6 Rxg6
35. Nxh5 Rxg5+ 36. Ng3 Bc5 37. Kg2 Nc4 38. h4 Rg6 39. Rf5 Rh6 40. Kh3 Be7 41. h5
Rf6 42. Rxf6 Bxf6 43. h6 Nb2 44. Qf3 Qe6+ 45. Kg2 g6 46. Bb3 Nc4 47. a4 Bg5 48.
axb5 axb5 49. Bxc4 bxc4 50. Nf1 Bxh6 51. Ne3 Bxe3 52. Qxe3 Qg4+ 53. Kf1 Qd1+ 54.
Kg2 Qd3 55. Qe1 Kg7 56. f3 Kf6 57. Kg3 Ke6 58. Qa1 Qe2 59. Qa5 Qe1+ 60. Kg2 Qd2+
61. Kg3 Qd3 62. Kg4 Kf6 63. Kg3 Qf1 64. Qd8+ Kg7 65. Qa5 Qg1+ 66. Kh3 Qf1+ 67.
Kg3 f6 68. Qd8 Qg1+ 69. Kh3 Qc5 70. Kg3 g5 71. Qd7+ Kg6 72. Qe8+ Kg7 73. Qd7+
Kg6 74. Qe8+ Kg7 75. Qd7+ Kg6 1/2-1/2

[Event "Olimpiade 2022 - Open"]
[Site "Chennai"]
[Date "07.08.2022"]
[Round "9.9"]
[Board "1"]
[White "Bjerre, Jonas Buhl"]
[Black "Shirov, Alexei"]
[Result "1/2-1/2"]
[WhiteTitle "GM"]
[BlackTitle "GM"]
[WhiteElo "2608"]
[BlackElo "2704"]
[WhiteTeam "Denmark"]
[BlackTeam "Spain"]
[WhiteFideId "1444948"]
[BlackFideId "2209390"]
[EventDate "2022.07.29"]

1. Nf3 d5 2. g3 Bg4 3. Bg2 Nd7 4. c4 e6 5. cxd5 exd5 6. h3 Bxf3 7. Bxf3 Ngf6 8.
d3 Bd6 9. O-O O-O 10. Nc3 c6 11. e4 dxe4 12. dxe4 Be5 13. Qc2 Nc5 14. Be3 Qd3
15. Rac1 Qxc2 16. Rxc2 Ne6 17. Rd1 Rfd8 18. Rcd2 Rxd2 19. Rxd2 g5 20. Bg4 h5 21.
Bxe6 fxe6 22. f3 g4 23. hxg4 hxg4 24. fxg4 Nxg4 25. Bf4 Bxc3 26. bxc3 e5 27. Bg5
Rf8 28. Kg2 Rf7 29. Rd6 Nf2 30. Rg6+ Kh7 31. Rf6 Rxf6 32. Bxf6 Ng4 33. Be7 Ne3+
34. Kf3 Nc4 35. Ke2 b5 36. g4 Kg6 37. Kd3 a6 38. Bd8 Nd6 39. Be7 Nf7 40. c4 Ng5
41. cxb5 axb5 42. a3 Ne6 43. Kc3 c5 44. Kb3 Kf7 45. Bd6 Kf6 46. a4 Nd4+ 47. Kb2
bxa4 48. Bxc5 Nb5 49. Bg1 Kg5 1/2-1/2

[Event "Olimpiade 2022 - Open"]
[Site "Chennai"]
[Date "07.08.2022"]
[Round "9.9"]
[Board "2"]
[White "Vallejo Pons, Francisco"]
[Black "Andersen, Mads"]
[Result "1/2-1/2"]
[WhiteTitle "GM"]
[BlackTitle "GM"]
[WhiteElo "2702"]
[BlackElo "2587"]
[WhiteTeam "Spain"]
[BlackTeam "Denmark"]
[WhiteFideId "2205530"]
[BlackFideId "1413864"]
[EventDate "2022.07.29"]

1. e4 e5 2. Nf3 Nc6 3. Bc4 Nf6 4. Ng5 d5 5. exd5 Na5 6. Bb5+ c6 7. dxc6 bxc6 8.
Bd3 Nd5 9. Nf3 Bd6 10. O-O O-O 11. Re1 f5 12. Nxe5 Qf6 13. Nf3 g5 14. g3 f4 15.
Nc3 fxg3 16. hxg3 Qxf3 17. Qxf3 Rxf3 18. Be4 Rf7 19. Nxd5 cxd5 20. Bxd5 Bb7 21.
Bxb7 Rxb7 22. d4 Nc4 23. b3 Bb4 24. Rd1 Bc3 25. Rb1 Re8 26. Bxg5 Na3 27. Rbc1
Bb2 28. c4 Bxc1 29. Rxc1 Re2 30. c5 Rf7 31. c6 1/2-1/2